El marxismo, ideología fria

Guardat en:
Dades bibliogràfiques
Autor principal: Papaioannou, Kostas (autor)
Format: Llibre
Idioma:espanyol
Publicat: Madrid Guadarrama 1967
Col·lecció:Colección Punto Omega, 11
Matèries:
Etiquetes: Afegir etiqueta
Sense etiquetes, Sigues el primer a etiquetar aquest registre!

MARC

LEADER 00000nam a2200000 a 4500
001 UCZ7866
003 CL-VaPUC
008 960112e19670000SP |||||||||||||||||spa|d
082 0 4 |a 320.532  |b PAP  |2 21 
100 |a Papaioannou, Kostas  |e autor  |9 352864 
245 1 3 |a El marxismo, ideología fria 
300 |a 202 p 
942 |c BK 
945 |d 19960112 00:00:00  |a rleighto 
260 |a Madrid  |b Guadarrama  |c 1967 
650 7 |a MARXISMO  |2 CL-VaPUC  |9 352865 
650 0 |a Ciencias Políticas  |9 255201 
650 0 |a Filosofía   |9 223554 
650 0 |a Ideologías  |9 255200 
583 |a last modification  |c 19960112 00:00:00  |k Rodrigo Vera 
490 0 |a Colección Punto Omega, 11 
999 |c 243859  |d 243857 
952 |0 0  |1 0  |4 0  |6 320_532000000000000_PAP_1967  |7 0  |8 P  |9 257692  |a BIBEDU  |b BIBEDU  |c BIBEDU_PB  |d 2019-11-19  |i 3168794  |o 320.532 PAP 1967  |p 3168794  |r 2024-01-25  |w 2019-11-19  |y BK  |k FIL